Gold Mine W।S।-4-Novels (Record no. 1240876)

MARC details
000 -LEADER
fixed length control field 00465nam a2200181Ia 4500
008 - FIXED-LENGTH DATA ELEMENTS--GENERAL INFORMATION
fixed length control field 151121s9999||||xx |||||||||||||| ||und||
082 ## - DEWEY DECIMAL CLASSIFICATION NUMBER
Classification number 823/Smi
082 ## - DEWEY DECIMAL CLASSIFICATION NUMBER
Item number HNW-59091
100 ## - MAIN ENTRY--PERSONAL NAME
Personal name Smith W।
245 ## - TITLE STATEMENT
Title Gold Mine W।S।-4-Novels
260 ## - PUBLICATION, DISTRIBUTION, ETC. (IMPRINT)
Name of publisher, distributor, etc "The Octopus group Ltd।,London"
260 ## - PUBLICATION, DISTRIBUTION, ETC. (IMPRINT)
Date of publication, distribution, etc --
600 ## - SUBJECT ADDED ENTRY--PERSONAL NAME
Personal name Smith W।
630 ## - SUBJECT ADDED ENTRY--UNIFORM TITLE
Uniform title Gold Mine W।S।-4-Novels
700 ## - ADDED ENTRY--PERSONAL NAME
Personal name Smith W।
730 ## - ADDED ENTRY--UNIFORM TITLE
Uniform title Gold Mine W।S।-4-Novels
942 ## - ADDED ENTRY ELEMENTS (KOHA)
Koha item type Book
Holdings
Withdrawn status Lost status Damaged status Not for loan Home library Current library Date acquired Total Checkouts Full call number Barcode Date last seen Price effective from Koha item type
        Hirachand Nemchand Wachanalaya, Solapur Hirachand Nemchand Wachanalaya, Solapur 11/21/2015   HNW-59091 HNW-59091 11/21/2015 11/21/2015 Book